| 000 | 012520000a22002890004500 | ||
|---|---|---|---|
| 999 |
_c45612 _d45612 |
||
| 001 | 19241 | ||
| 003 | CO-MdFUSB | ||
| 005 | 20180509112741.0 | ||
| 008 | 180509t1933 enk||||g |||| 00| 0 eng d | ||
| 040 |
_aCO-MdFUSB _bspa _cCO-MdFUSB _dCO-MdFUSB _erda |
||
| 041 | _aeng | ||
| 082 |
_224 _aG 226 _bT238f |
||
| 100 | 1 |
_aTaylor, Vincent _eautor |
|
| 245 | 1 | 4 |
_aThe Formation of the gospel tradition _b: Eight lectures _c/ Vincent Taylor |
| 260 | _a | ||
| 264 | 1 |
_aLondon : _bMacmillan, _c℗1933 |
|
| 300 |
_a214 páginas _b: _c; |
||
| 336 |
_2rdacontent _atexto _btxt |
||
| 337 |
_2rdamedia _asin mediación _bn |
||
| 338 |
_2rdacarrier _avolumen _bnc |
||
| 501 | _aIncluye índice (p. 211-214) | ||
| 505 | 0 | _aLa formación de la tradición del evangelio -- Un estudio de investigación reciente -- El proceso formativo en las comunidades primitivas -- Los relatos de la pasión -- Las historias de pronunciamiento -- Los dichos y las parábolas -- Las historias de milagros -- Las historias sobre Jesús -- La aparición de los evangelios -- La hipótesis de proto-Lucas y algunas críticas recientes -- Las tendencias de la transmisión oral | |
| 563 | _aPasta dura | ||
| 630 | 0 | 7 |
_aBiblia. _pEvangelios |
| 942 | _cBK | ||